| 000 | 01510nam0a2200361 4500 | ||
|---|---|---|---|
| 001 | RU\NLR\BIBL_A\022218094 | ||
| 005 | 20260420005636.0 | ||
| 010 |
_a978-5-389-24995-0 _93000 |
||
| 021 |
_aRU _bКН-П-24-018960 _9КН-П-24-1982 |
||
| 035 | _a(NLR Aleph) 022218094 | ||
| 090 |
_a13658986 _c13658986 |
||
| 100 | _a20240508d2024 k y0rusy50 ca | ||
| 101 | 1 |
_arus _ceng |
|
| 102 | _aRU | ||
| 105 | _ay z 000yy | ||
| 181 | 0 |
_ai _baxxe |
|
| 182 | 0 | _an | |
| 200 | 1 |
_aТеория игр _eкак нами правят чужие стратегии _fХаим Шапира _gперевод с английского Владимира Измайлова |
|
| 203 |
_aТекст _bвизуальный _cнепосредственный |
||
| 210 |
_aМосква _cКоЛибри _cАзбука-Аттикус _d2024 |
||
| 215 |
_a204, [2] с. _cил., табл. _d19 |
||
| 300 | _aНа 206-й с. авт.: Х. Шапир - д-р философии | ||
| 320 | _aБиблиогр.: с. 204-205 | ||
| 333 | _a16+ | ||
| 606 | 1 |
_aИгр теория _jПопулярные издания _92176022 _3RU\NLR\AUTH\661308755 |
|
| 606 | 1 |
_aСтратегии жизненные _jПопулярные издания _xСистемный анализ _92568568 _3RU\NLR\AUTH\661519029 |
|
| 686 | 1 | _aВ174я9 | |
| 686 | 1 | _aС550.47я9 | |
| 700 | 1 |
_aШапира _bХ. _f1962- _gХаим |
|
| 942 | _cBOOK | ||
| 980 | _aNB | ||